| 000 | 00386nam a22001457a 4500 | ||
|---|---|---|---|
| 003 | OSt | ||
| 005 | 20220107122822.0 | ||
| 008 | 161020b xxu||||| |||| 00| 0 eng d | ||
| 040 | _cIIITMK | ||
| 100 |
_aVipin Raj K P (93615015) _910959 |
||
| 245 | _aA web based vulnerability scanner and analyzer | ||
| 300 | _aCSIS - Mini Project | ||
| 650 |
_aCOMPUTER NETWORKS _911386 |
||
| 942 |
_2ddc _cPR |
||
| 999 |
_c5461 _d5461 |
||